000 01133nam a2200265Ia 4500
003 OSt
005 20221005104717.0
006 a|||||r|||| 00| 0
007 ta
008 221004b |||||||| |||| 00| 0 hin d
020 _c72
024 _a8786
037 _b20478, 08/01/2014, Hindi Madhyam Karyanvyan Nideshalye
_cTextual
040 _aCRL
_cCRL
_bhin
041 _2hin
_ahin
082 _aX:71, 152M7
100 _aपंडित, वी.एन., संपा.
245 0 _aआर्थिक प्रणालियॉं एवं व्यष्टि अर्थशास्त्र
246 _aĀrthik praṇāliyaॉan evan vyaṣhṭi arthashāstra
260 _aदिल्ली
_bविश्वविद्यालय हिंदी माध्यम कार्यान्वय निदेशालय भारत
_c1987
300 _a600पृ0
_ccm.
650 _aअर्थशास्त्र
942 _hX:71, 152M7
_cTEXL
_2cc
999 _c1013561
_d1013561